[Event "TCh-RUS HL 2019"]
[Site "Sochi RUS"]
[Date "2019.05.03"]
[Round "3.4"]
[Board "1"]
[White "Musalov, Ruslan"]
[Black "Pogromsky, Mikhail"]
[Result "1/2-1/2"]
[WhiteTitle "IM"]
[BlackTitle "IM"]
[WhiteElo "2338"]
[BlackElo "2415"]
[WhiteTeam "Dagestan"]
[BlackTeam "Polytechnic (Sverdlovsk region)"]
[WhiteFideId "4141490"]
[BlackFideId "4184688"]
[EventDate "2019.05.01"]

1. c4 c5 2. Nc3 Nf6 3. Nf3 b6 4. e4 d6 5. d4 cxd4 6. Nxd4 Bb7 7. f3 e6 8. Be2
Nbd7 9. O-O Be7 10. Qa4 Qc7 11. Ncb5 Qb8 12. Nc3 Qc7 13. Ncb5 Qb8 14. Nc3 Qc7
15. Ncb5 Qb8 1/2-1/2

[Event "TCh-RUS HL 2019"]
[Site "Sochi RUS"]
[Date "2019.05.03"]
[Round "3.4"]
[Board "2"]
[White "Ozgibcev, Anatoly"]
[Black "Tekeyev, Zaur"]
[Result "1-0"]
[BlackTitle "FM"]
[WhiteElo "2368"]
[BlackElo "2386"]
[WhiteTeam "Polytechnic (Sverdlovsk region)"]
[BlackTeam "Dagestan"]
[WhiteFideId "4139704"]
[BlackFideId "4199731"]
[EventDate "2019.05.01"]

1. e4 c5 2. c3 e6 3. d4 d5 4. exd5 exd5 5. Nf3 Nc6 6. Bb5 Bd6 7. dxc5 Bxc5 8.
O-O Nf6 9. Bg5 Be6 10. Qa4 O-O 11. Nbd2 h6 12. Bh4 Rc8 13. Bd3 Bd7 14. Qb3 Na5
15. Qd1 Bb6 16. Re1 Bg4 17. h3 Bh5 18. Qc2 Bxf3 19. Nxf3 Qd6 20. Qd2 Rfe8 21.
Bxf6 Qxf6 22. Bb5 Red8 23. Rad1 a6 24. Bd3 Nc6 25. a3 Bc7 26. Bb1 b5 27. Qe2 Kf8
28. Ba2 Ne7 29. Qd3 Kg8 30. Qd4 Qd6 31. Qe5 Kf8 32. Qh5 Bb6 33. Re2 Rc5 34. Qg4
Bc7 35. g3 Qf6 36. Kg2 Nf5 37. Nd4 Nxd4 38. Qxd4 Qc6 39. Kg1 Bb6 40. Qf4 Bc7 41.
Qf3 Bb6 42. Re5 Qc7 43. Rf5 g6 44. Rfxd5 Rcxd5 45. Rxd5 Rxd5 46. Bxd5 Bc5 47.
Kg2 Kg7 48. h4 Qe7 49. h5 Qf6 50. hxg6 Qxg6 51. b4 Bd6 52. c4 bxc4 53. Bxc4 Be5
54. Bd3 Qd6 55. Qg4+ Kf6 56. Qf5+ Ke7 57. Qe4 Kf6 58. Bc4 Bb2 59. Qf3+ Ke7 60.
Qe2+ Kd8 61. Qxb2 Qc6+ 62. Kg1 Qxc4 63. Qf6+ Kd7 64. Qxh6 Qd3 65. Qe3 Qc4 66.
Kg2 Qd5+ 67. Qf3 Qc4 68. Qb7+ Ke6 69. a4 f5 70. b5 axb5 71. axb5 Ke5 72. Qc6 Qb4
73. b6 f4 74. b7 fxg3 75. Qe8+ 1-0

[Event "TCh-RUS HL 2019"]
[Site "Sochi RUS"]
[Date "2019.05.03"]
[Round "3.4"]
[Board "3"]
[White "Alikhanov, Felix"]
[Black "Dilmukhametov, Artur"]
[Result "1-0"]
[WhiteTitle "IM"]
[WhiteElo "2455"]
[BlackElo "2353"]
[WhiteTeam "Dagestan"]
[BlackTeam "Polytechnic (Sverdlovsk region)"]
[WhiteFideId "4157427"]
[BlackFideId "24179922"]
[EventDate "2019.05.01"]

1. e4 e6 2. d4 d5 3. Nd2 Nf6 4. e5 Nfd7 5. c3 c5 6. f4 Nc6 7. Ndf3 cxd4 8. cxd4
f5 9. Bd3 Be7 10. Ne2 Nb6 11. a3 Bd7 12. h3 O-O 13. g4 Be8 14. O-O Bg6 15. Kh2
Qd7 16. Rg1 a5 17. b3 Rac8 18. Ng3 a4 19. gxf5 Bxf5 20. Nxf5 exf5 21. bxa4 Nd8
22. Rb1 Nc4 23. Qb3 g6 24. Qb5 Qe6 25. Rg2 Nxa3 26. Bxa3 Bxa3 27. Ng5 Qc6 28.
Qb3 Bc1 29. Rc2 Bxf4+ 30. Kh1 Qd7 31. Rxc8 Qxc8 32. Qxd5+ Kg7 33. Nf3 Rf7 34.
Bc4 Rc7 35. Qg8+ Kh6 36. Qf8+ Kh5 37. Qf6 Kh6 38. Qf8+ Kh5 39. Rg1 Be3 40. Be2
Nf7 41. Ne1+ Kh4 42. Ng2+ Kg3 43. Qa3 Rc3 1-0

[Event "TCh-RUS HL 2019"]
[Site "Sochi RUS"]
[Date "2019.05.03"]
[Round "3.4"]
[Board "4"]
[White "Inozemtsev, Sergei"]
[Black "Kamaev, Dzhabrail"]
[Result "1-0"]
[WhiteElo "2310"]
[BlackElo "1982"]
[WhiteTeam "Polytechnic (Sverdlovsk region)"]
[BlackTeam "Dagestan"]
[WhiteFideId "24129690"]
[BlackFideId "34164798"]
[EventDate "2019.05.01"]

1. e4 e5 2. Nf3 Nc6 3. Bb5 a6 4. Ba4 Nf6 5. O-O Be7 6. Re1 b5 7. Bb3 d6 8. c3
O-O 9. h3 Na5 10. Bc2 c5 11. d4 Qc7 12. Nbd2 cxd4 13. cxd4 Nc6 14. Nb3 a5 15.
Be3 a4 16. Nbd2 Bd7 17. Rc1 Qb7 18. Bb1 Rfc8 19. Qe2 h6 20. Rcd1 exd4 21. Nxd4
Nxd4 22. Bxd4 Be6 23. Nf1 Nd7 24. Ng3 Ne5 25. Nh5 Bf8 26. Nf4 Bc4 27. Qd2 Re8
28. Bc3 Rab8 29. a3 Rbc8 30. Qe3 Rcd8 31. Qg3 f6 32. Nd5 Kh8 33. f4 Nd7 34. Kh2
Bb3 35. Rd2 Bc4 36. Qg4 Be7 37. Re3 Bxd5 38. exd5 Nf8 39. Rde2 Qd7 40. Qh5 Rb8
41. Qf7 Rb7 42. Rg3 Rbb8 1-0

[Event "TCh-RUS HL 2019"]
[Site "Sochi RUS"]
[Date "2019.05.03"]
[Round "3.6"]
[Board "1"]
[White "Smirnov, Timofey"]
[Black "Gharagyozyan, Artur"]
[Result "0-1"]
[WhiteTitle "FM"]
[WhiteElo "2354"]
[BlackElo "2321"]
[WhiteTeam "School for Summer Sports (Moscow"]
[BlackTeam "Alania (RNO-Alania)"]
[WhiteFideId "24176427"]
[BlackFideId "13303279"]
[EventDate "2019.05.01"]

1. e4 c5 2. Nf3 e6 3. d4 cxd4 4. Nxd4 Nf6 5. Nc3 d6 6. g4 h6 7. h4 Nc6 8. Rg1 g6
9. g5 hxg5 10. Bxg5 Be7 11. Qd2 a6 12. O-O-O Bd7 13. f4 Qb6 14. Nf3 Rc8 15. e5
Nb4 16. Qd4 Qxd4 17. Rxd4 Nfd5 18. Bxe7 Kxe7 19. exd6+ Kxd6 20. Ne5 Be8 21. Bg2
Rxh4 22. Rgd1 Rxc3 23. Bxd5 Rxc2+ 24. Kb1 Rxb2+ 25. Kxb2 Nxd5 26. a4 Rxf4 27.
Rxf4 Bc6 28. Rc4 Kxe5 29. a5 f5 30. Rg1 Kf6 31. Rh4 e5 32. Rh6 Ne7 33. Rh7 Nd5
34. Rh6 Nf4 35. Kb3 e4 36. Rg3 Be8 37. Kc4 Ke5 38. Rh7 Bc6 39. Kc5 g5 40. Kb6
Nd5+ 41. Kc5 g4 42. Rb3 e3 43. Rh2 g3 44. Re2 f4 0-1

[Event "TCh-RUS HL 2019"]
[Site "Sochi RUS"]
[Date "2019.05.03"]
[Round "3.6"]
[Board "2"]
[White "Taysayev, Timur"]
[Black "Tsoi, Dmitry"]
[Result "0-1"]
[BlackTitle "FM"]
[WhiteElo "2225"]
[BlackElo "2317"]
[WhiteTeam "Alania (RNO-Alania)"]
[BlackTeam "School for Summer Sports (Moscow"]
[WhiteFideId "4114221"]
[BlackFideId "24194697"]
[EventDate "2019.05.01"]

1. e4 e5 2. Nf3 d6 3. d4 exd4 4. Nxd4 Nf6 5. Nc3 Be7 6. g3 d5 7. e5 Ng4 8. Qe2
Bc5 9. h3 Bxd4 10. hxg4 c6 11. Bd2 b5 12. a3 Qe7 13. O-O-O b4 14. Nb1 Na6 15.
axb4 Nxb4 16. Bxb4 Bxb2+ 17. Kxb2 Qxb4+ 18. Kc1 Rb8 19. f3 Qxb1+ 20. Kd2 Qb4+
21. Ke3 Qc5+ 22. Rd4 Qc3+ 23. Rd3 Qc5+ 24. Rd4 Rb2 25. Rh2 a5 26. Qd3 a4 27. Kd2
a3 28. Ra4 a2 29. Ra8 Ke7 30. Bh3 Bf5 31. gxf5 Rxa8 32. f6+ gxf6 33. exf6+ Kd8
34. Qf5 Qxc2+ 35. Ke3 Qxf5 0-1

[Event "TCh-RUS HL 2019"]
[Site "Sochi RUS"]
[Date "2019.05.03"]
[Round "3.6"]
[Board "3"]
[White "Frolov, Aleksey G."]
[Black "Nazaretyan, Tigran"]
[Result "1/2-1/2"]
[BlackTitle "FM"]
[WhiteElo "2073"]
[BlackElo "2309"]
[WhiteTeam "School for Summer Sports (Moscow"]
[BlackTeam "Alania (RNO-Alania)"]
[WhiteFideId "34106500"]
[BlackFideId "24162345"]
[EventDate "2019.05.01"]

1. e4 c5 2. Nf3 Nc6 3. d4 cxd4 4. Nxd4 Nf6 5. Nc3 d6 6. Bg5 e6 7. Bb5 Bd7 8.
Bxc6 bxc6 9. Qf3 Qb6 10. Bxf6 gxf6 11. Nde2 Be7 12. b3 Qc5 13. O-O h5 14. Rad1
Qg5 15. Nd4 Qg4 16. Qe3 Rg8 17. g3 h4 18. f3 Qh3 19. Nde2 hxg3 20. hxg3 f5 21.
Rf2 Rh8 22. Rg2 e5 23. exf5 Qxf5 24. Ne4 d5 25. g4 Qh7 26. N4g3 f6 27. c4 Bd8
28. Kf2 dxc4 29. bxc4 Qc2 30. Rc1 Qxa2 31. Ne4 Rb8 32. g5 Rb3 33. Rc3 Rxc3 34.
Qxc3 Rg8 35. Qd3 f5 36. Nd6+ Kf8 37. Nb7 Ke8 38. Qd6 Qb2 39. Nxd8 Kxd8 40. Qf6+
Kc7 41. g6 f4 42. c5 Re8 43. g7 Qb3 44. Qf8 Qg8 45. Qd6+ Kc8 46. Rg1 Re6 47. Qd3
Kd8 48. Nc3 Ke7 49. Ne4 Rh6 50. Rd1 Qa2+ 51. Rd2 Rh2+ 52. Kg1 Rxd2 53. Nxd2 Be6
54. Qd6+ Kf7 55. Qc7+ Kg8 56. Qxe5 Qd5 57. Qf6 Qxc5+ 58. Kg2 Qd5 59. Qf8+ Kh7
60. Ne4 Qa2+ 61. Nf2 a5 62. Qxf4 Kxg7 63. Kg3 Bd5 64. Ng4 Qa1 65. Qg5+ Kf8 66.
Qd8+ Kf7 67. Qd7+ Kf8 68. Qd8+ Kf7 69. Qd7+ Kf8 70. Qd8+ 1/2-1/2

[Event "TCh-RUS HL 2019"]
[Site "Sochi RUS"]
[Date "2019.05.03"]
[Round "3.6"]
[Board "4"]
[White "Bykova, Anastasia"]
[Black "Petrov, Nikolay"]
[Result "1-0"]
[WhiteTitle "WFM"]
[WhiteElo "2201"]
[BlackElo "1976"]
[WhiteTeam "Alania (RNO-Alania)"]
[BlackTeam "School for Summer Sports (Moscow"]
[WhiteFideId "4164970"]
[BlackFideId "34175048"]
[EventDate "2019.05.01"]

1. d4 d5 2. c4 e6 3. g3 Nf6 4. Nf3 Be7 5. Bg2 O-O 6. O-O dxc4 7. Qc2 b5 8. a4 b4
9. Qxc4 Ba6 10. Qc2 Nbd7 11. Ne5 Nxe5 12. dxe5 Nd5 13. Rd1 Qc8 14. e4 Nb6 15. b3
c5 16. a5 Nd7 17. f4 c4 18. bxc4 Bxc4 19. Bb2 Bb5 20. Qb3 Qa6 21. Nd2 Rfc8 22.
Bd4 Rab8 23. Qe3 Bc5 24. Nb3 Bxd4 25. Qxd4 Rc3 26. Qxb4 Rc2 27. Qe7 Ba4 28. Nd4
Rxg2+ 29. Kxg2 Bxd1 30. Rxd1 Rb2+ 31. Kg1 Nf8 32. Qa3 Qb7 33. Nc6 Rb1 34. Rc1 h5
35. Qc3 Rb3 36. Qc5 Rb1 37. Kg2 Qb2+ 38. Rc2 Qb3 39. Rd2 Qa4 40. Qxf8+ Kh7 41.
Ne7 1-0

[Event "TCh-RUS HL 2019"]
[Site "Sochi RUS"]
[Date "2019.05.03"]
[Round "3.7"]
[Board "1"]
[White "Navrodskiy, Boris"]
[Black "Grishchenko, Sergey1"]
[Result "1/2-1/2"]
[WhiteTitle "FM"]
[BlackTitle "IM"]
[WhiteElo "2264"]
[BlackElo "2415"]
[WhiteTeam "BYCP (Moscow)"]
[BlackTeam "Metrum Group (Smolensk region)"]
[WhiteFideId "24176826"]
[BlackFideId "4136730"]
[EventDate "2019.05.01"]

1. d4 d5 2. c4 e6 3. Nc3 c5 4. cxd5 exd5 5. Nf3 Nc6 6. g3 c4 7. Bg2 Bb4 8. O-O
Nge7 9. Bf4 O-O 10. Rc1 a6 11. Ne5 Na5 12. Qa4 Bxc3 13. bxc3 Re8 14. Rfe1 Be6
15. h4 f6 16. Nf3 Nac6 17. Qa3 Ng6 18. Bd6 Na7 19. Bb4 Nc6 20. Bd6 Na7 21. Bb4
Nc6 22. Bd6 1/2-1/2

[Event "TCh-RUS HL 2019"]
[Site "Sochi RUS"]
[Date "2019.05.03"]
[Round "3.7"]
[Board "2"]
[White "Potapov, Alexey"]
[Black "Cherednichenko, Dmitrij"]
[Result "1/2-1/2"]
[WhiteTitle "IM"]
[BlackTitle "FM"]
[WhiteElo "2370"]
[BlackElo "2257"]
[WhiteTeam "Metrum Group (Smolensk region)"]
[BlackTeam "BYCP (Moscow)"]
[WhiteFideId "4182138"]
[BlackFideId "44111436"]
[EventDate "2019.05.01"]

1. d4 Nf6 2. c4 e6 3. Nc3 Bb4 4. e3 O-O 5. Ne2 b6 6. a3 Be7 7. e4 d6 8. f3 c5 9.
d5 exd5 10. Nxd5 Nc6 11. Nxe7+ Qxe7 12. Nc3 h6 13. Be2 Nd4 14. Be3 Nxe2 15. Qxe2
Be6 16. Rd1 Nd7 17. Bf4 Ne5 18. Nd5 Bxd5 19. Rxd5 Rad8 20. O-O Ng6 21. Qd2 Nxf4
22. Qxf4 Rd7 23. Rfd1 Rfd8 24. h4 f6 25. h5 Qe6 26. Qd2 Kf8 27. Qc2 Kg8 28. Kf2
Kf8 29. g4 Kg8 30. Qa4 Qe7 31. Kg3 Kf8 32. R1d3 Kg8 33. Qa6 Kf8 34. Rb3 Re8 35.
Qb5 Qd8 36. Qc6 Qe7 37. Rbd3 Red8 38. Qb5 Kf7 39. a4 Kf8 40. Rb3 Qe8 41. Qa6 Kf7
42. Re3 Re7 43. Qb5 Kf8 44. Red3 1/2-1/2

[Event "TCh-RUS HL 2019"]
[Site "Sochi RUS"]
[Date "2019.05.03"]
[Round "3.10"]
[Board "1"]
[White "Konovalov, Viatcheslav"]
[Black "Kuzmin, Roman"]
[Result "0-1"]
[WhiteElo "1941"]
[BlackElo "2091"]
[WhiteTeam "MBU Samara Ladya"]
[BlackTeam "Ural Chess Academy A. Karpov"]
[WhiteFideId "4194772"]
[BlackFideId "44134932"]
[EventDate "2019.05.01"]

1. d4 Nf6 2. Nf3 g6 3. Nbd2 c5 4. dxc5 Qa5 5. a3 Qxc5 6. b4 Qc7 7. Bb2 Bg7 8. c4
d6 9. Rc1 Nbd7 10. Qb3 b6 11. e3 Bb7 12. Be2 Rc8 13. O-O O-O 14. Rfd1 Qb8 15. h3
Qa8 16. Ne1 Rc7 17. Bf3 Rfc8 18. Bxb7 Qxb7 19. Nef3 Ne4 20. Bxg7 Kxg7 21. Qd3
Nxd2 22. Rxd2 Nf6 23. Rdc2 a6 24. Nd2 Qc6 25. f3 Nd7 26. Nb3 Qa4 27. Qd4+ Kg8
28. Qb2 Ne5 29. Rc3 Rxc4 30. f4 Rxc3 31. Rxc3 Rxc3 32. Qxc3 Qc6 33. Qxc6 Nxc6
34. Kf2 Kf8 35. e4 Ke8 36. Ke3 Kd7 37. g4 e6 38. Nd2 f6 39. Nf3 e5 40. g5 f5 41.
exf5 gxf5 42. h4 Ke6 43. h5 Ne7 44. fxe5 dxe5 45. Nh4 Nd5+ 46. Kf3 e4+ 47. Kg3
f4+ 48. Kf2 h6 49. gxh6 Nf6 50. Ng6 Kf5 51. Ne7+ Kg5 52. Nd5 Ng4+ 53. Ke1 Nxh6
54. Nxb6 Kxh5 55. Nc4 Nf5 56. a4 Nd4 57. Kd2 Kg5 58. Nd6 e3+ 59. Kd3 e2 60. Kd2
f3 61. b5 Nc2 62. Ne4+ Kf4 63. Kd3 Ke5 0-1

[Event "TCh-RUS HL 2019"]
[Site "Sochi RUS"]
[Date "2019.05.03"]
[Round "3.10"]
[Board "2"]
[White "Gavrilin, Roman"]
[Black "Tolstykh, Dmitri"]
[Result "1-0"]
[WhiteElo "2055"]
[BlackElo "1550"]
[WhiteTeam "Ural Chess Academy A. Karpov"]
[BlackTeam "MBU Samara Ladya"]
[WhiteFideId "54104564"]
[BlackFideId "34189154"]
[EventDate "2019.05.01"]

1. e4 c5 2. Nf3 Nc6 3. Bb5 e6 4. Bxc6 bxc6 5. d3 d5 6. O-O g6 7. Nbd2 Ba6 8. Re1
Nf6 9. c4 dxe4 10. dxe4 Bg7 11. Qa4 Qb6 12. e5 Nd7 13. Re3 Bb7 14. Qc2 Qc7 15.
Qe4 Bh6 16. Re2 a5 17. Nf1 Bg7 18. Bf4 h6 19. h4 a4 20. Qe3 Qa5 21. Ng3 Nb6 22.
Rc1 Ba6 23. Ne4 Nd7 24. Nd6+ Ke7 25. Nh2 Rad8 26. Ng4 Qb4 27. Nxh6 Bxh6 28. Bxh6
Rxh6 29. Qg5+ f6 30. Qxh6 Nxe5 31. Qg7+ 1-0

[Event "TCh-RUS HL 2019"]
[Site "Sochi RUS"]
[Date "2019.05.03"]
[Round "3.10"]
[Board "3"]
[White "Tolstykh, Arina"]
[Black "Kharitonov, Egor"]
[Result "0-1"]
[WhiteElo "1599"]
[BlackElo "1956"]
[WhiteTeam "MBU Samara Ladya"]
[BlackTeam "Ural Chess Academy A. Karpov"]
[WhiteFideId "34188840"]
[BlackFideId "34164828"]
[EventDate "2019.05.01"]

1. d4 d5 2. c4 e6 3. Nf3 dxc4 4. e3 Nf6 5. Bxc4 c5 6. O-O cxd4 7. exd4 Be7 8.
Nc3 O-O 9. Bf4 Nc6 10. a3 a6 11. d5 exd5 12. Nxd5 Nxd5 13. Bxd5 Bf6 14. Bxc6
bxc6 15. Be5 Be6 16. Qxd8 Bxd8 17. Rac1 Bd5 18. Nd4 Re8 19. Bd6 Rc8 20. b4 Bf6
21. Bc5 g6 22. Rfe1 Kg7 23. g3 h5 24. f4 Ra8 25. Kf2 Rxe1 26. Rxe1 a5 27. Ke3
axb4 28. Bxb4 Rc8 29. Bc5 Rb8 30. Bb4 Rd8 31. Bc5 Rd7 32. Kd3 Rb7 33. Bb4 Rd7
34. Bc5 Be6 35. Ke3 Bd5 36. Kd3 Rd8 37. Kc3 Rb8 38. Bb4 Rb5 39. Kd3 Rb8 40. Kc3
Ra8 41. Kd3 Rd8 42. Bc5 Rb8 43. Bb4 Ra8 44. Bc5 Ra4 45. Bb4 Ra8 46. Bc5 Rd8 47.
Kc3 Be6 48. Kd3 Kg8 49. Kc3 Rd5 50. Rxe6 Rxc5+ 51. Kb4 Bxd4 52. Rd6 Bg1 53. a4
Rc1 54. a5 Kf8 55. Rd7 Rb1+ 56. Kc4 Ra1 57. Kb4 Bf2 58. Rc7 Be1+ 59. Kc4 Bxa5
60. Rxc6 Rc1+ 61. Kd4 0-1

[Event "TCh-RUS HL 2019"]
[Site "Sochi RUS"]
[Date "2019.05.04"]
[Round "4.1"]
[Board "1"]
[White "Drygalov, Sergey"]
[Black "Goryachkina, Aleksandra"]
[Result "1/2-1/2"]
[WhiteTitle "IM"]
[BlackTitle "GM"]
[WhiteElo "2485"]
[BlackElo "2522"]
[WhiteTeam "South Ural (Chelyabinsk region)"]
[BlackTeam "Yamal (YaNAO)"]
[WhiteFideId "24171743"]
[BlackFideId "4147103"]
[EventDate "2019.05.01"]

1. d4 d5 2. c4 c6 3. Nf3 Nf6 4. Nc3 dxc4 5. a4 Bf5 6. Ne5 Nbd7 7. Nxc4 Nb6 8.
Ne5 a5 9. h4 h6 10. f3 Bh7 11. e4 e6 12. Be3 Nfd7 13. Nd3 Bd6 14. Bf2 Qc7 15.
Qb3 Bg3 16. O-O-O Bxf2 17. Nxf2 O-O 18. Nd3 Rfd8 19. Be2 Nf8 20. Nc5 Nfd7 21.
Nd3 Nf8 22. Nc5 Nfd7 23. Nd3 1/2-1/2

[Event "TCh-RUS HL 2019"]
[Site "Sochi RUS"]
[Date "2019.05.04"]
[Round "4.1"]
[Board "2"]
[White "Potapov, Pavel"]
[Black "Gutenev, Alexander"]
[Result "1/2-1/2"]
[WhiteTitle "GM"]
[BlackTitle "IM"]
[WhiteElo "2492"]
[BlackElo "2460"]
[WhiteTeam "Yamal (YaNAO)"]
[BlackTeam "South Ural (Chelyabinsk region)"]
[WhiteFideId "4169786"]
[BlackFideId "4195540"]
[EventDate "2019.05.01"]

1. e4 c5 2. Nf3 Nc6 3. Bb5 g6 4. O-O Bg7 5. Re1 Nf6 6. c3 O-O 7. d4 d5 8. e5 Ne4
9. Bxc6 bxc6 10. Nbd2 Bf5 11. Nh4 Be6 12. Nhf3 Bf5 13. Nh4 Be6 14. Nhf3 Bf5 1/2-1/2

[Event "TCh-RUS HL 2019"]
[Site "Sochi RUS"]
[Date "2019.05.04"]
[Round "4.1"]
[Board "3"]
[White "Drygalov, Andrey"]
[Black "Belyakov, Bogdan"]
[Result "1/2-1/2"]
[WhiteTitle "IM"]
[BlackTitle "IM"]
[WhiteElo "2481"]
[BlackElo "2460"]
[WhiteTeam "South Ural (Chelyabinsk region)"]
[BlackTeam "Yamal (YaNAO)"]
[WhiteFideId "24171735"]
[BlackFideId "24104795"]
[EventDate "2019.05.01"]

1. e4 e5 2. Nf3 Nf6 3. Nxe5 d6 4. Nf3 Nxe4 5. Qe2 Qe7 6. d3 Nf6 7. Nc3 c6 8. Bg5
Qxe2+ 9. Bxe2 Be7 10. O-O-O Na6 11. Rde1 Nc7 12. Nd4 Ne6 13. Nxe6 Bxe6 14. d4 h6
15. Bf4 Kd7 16. h3 b5 17. Bd3 Nd5 18. Nxd5 Bxd5 19. Be4 Bxe4 20. Rxe4 d5 21. Re3
Rhe8 22. Rhe1 Bb4 23. c3 Rxe3 24. Rxe3 Be7 25. Kc2 a5 26. Re2 h5 27. Kd3 a4 28.
Re1 g6 29. Re2 Bh4 30. Bd2 Re8 31. Rxe8 Kxe8 32. g3 Be7 33. b3 axb3 34. axb3 Kd7
35. g4 hxg4 36. hxg4 Ke6 37. f4 f5 38. g5 Kd7 39. b4 Ke6 40. Be3 Kd7 41. Bd2 1/2-1/2

[Event "TCh-RUS HL 2019"]
[Site "Sochi RUS"]
[Date "2019.05.04"]
[Round "4.1"]
[Board "4"]
[White "Savitskiy, Sergey"]
[Black "Radzhabov, Rodion"]
[Result "1/2-1/2"]
[WhiteTitle "IM"]
[BlackTitle "FM"]
[WhiteElo "2411"]
[BlackElo "2406"]
[WhiteTeam "Yamal (YaNAO)"]
[BlackTeam "South Ural (Chelyabinsk region)"]
[WhiteFideId "24105660"]
[BlackFideId "884715"]
[EventDate "2019.05.01"]

1. e4 c5 2. Nf3 e6 3. d4 cxd4 4. Nxd4 Qb6 5. Nb3 a6 6. Nc3 Qc7 7. Bd3 Nf6 8. O-O
b5 9. f4 d6 10. e5 Nfd7 11. Kh1 dxe5 12. f5 Nf6 13. Bg5 Be7 14. Qf3 Bb7 15. Qh3
exf5 16. Bxf5 b4 17. Bxf6 Bxf6 18. Ne4 Be7 19. Rad1 a5 20. Bg6 Rf8 21. Qxh7 Bxe4
22. Bxe4 Ra6 23. Qxg7 a4 24. Bd5 f5 25. Nd2 Nd7 26. Nf3 Raf6 27. Nh4 Qb6 28. Rd2
e4 29. c4 Ne5 30. h3 e3 31. Re2 f4 32. Nf3 Nd3 33. Qh7 Nc5 34. Qh5+ Kd8 35. Rd1
Kc8 36. Nd4 Nd7 37. Nb5 Rh6 38. Qg4 Rg6 39. Bb7+ Kb8 40. Qxd7 Rd8 41. Qxe7 Rxd1+
42. Kh2 Re6 43. Qf7 Rf6 44. Qe7 Re6 45. Qf7 Rf6 46. Qe7 1/2-1/2

[Event "TCh-RUS HL 2019"]
[Site "Sochi RUS"]
[Date "2019.05.04"]
[Round "4.2"]
[Board "1"]
[White "Pogromsky, Mikhail"]
[Black "Rychagov, Andrey"]
[Result "1/2-1/2"]
[WhiteTitle "IM"]
[BlackTitle "GM"]
[WhiteElo "2415"]
[BlackElo "2548"]
[WhiteTeam "Polytechnic (Sverdlovsk region)"]
[BlackTeam "Botvinnik School (Moscow)"]
[WhiteFideId "4184688"]
[BlackFideId "4119932"]
[EventDate "2019.05.01"]

1. c4 e6 2. Nf3 d5 3. d4 Nf6 4. g3 Be7 5. Bg2 O-O 6. O-O dxc4 7. Qc2 a6 8. a4
Bd7 9. Rd1 Bc6 10. Nc3 Bb4 11. Na2 Be7 12. Nc3 Bb4 13. Na2 Be7 14. Nc3 1/2-1/2

[Event "TCh-RUS HL 2019"]
[Site "Sochi RUS"]
[Date "2019.05.04"]
[Round "4.2"]
[Board "2"]
[White "Novikov, Stanislav"]
[Black "Ozgibcev, Anatoly"]
[Result "1-0"]
[WhiteTitle "GM"]
[WhiteElo "2535"]
[BlackElo "2368"]
[WhiteTeam "Botvinnik School (Moscow)"]
[BlackTeam "Polytechnic (Sverdlovsk region)"]
[WhiteFideId "4125371"]
[BlackFideId "4139704"]
[EventDate "2019.05.01"]

1. e4 d5 2. Nc3 Nf6 3. e5 d4 4. exf6 dxc3 5. bxc3 exf6 6. d4 Bd6 7. Bd3 O-O 8.
Ne2 Re8 9. O-O b6 10. a4 Nc6 11. Ng3 Bxg3 12. hxg3 Qd5 13. Rb1 a6 14. Bf4 Bb7
15. c4 Qd7 16. c3 Na5 17. Qh5 g6 18. Qh4 Qxa4 19. d5 Qd7 20. Rfe1 Rxe1+ 21. Rxe1
Qd8 22. Bh6 Qd6 23. Re6 Qa3 24. Qxf6 Qc1+ 25. Bxc1 1-0

[Event "TCh-RUS HL 2019"]
[Site "Sochi RUS"]
[Date "2019.05.04"]
[Round "4.2"]
[Board "3"]
[White "Dilmukhametov, Artur"]
[Black "Makarian, Rudik"]
[Result "1/2-1/2"]
[BlackTitle "IM"]
[WhiteElo "2353"]
[BlackElo "2348"]
[WhiteTeam "Polytechnic (Sverdlovsk region)"]
[BlackTeam "Botvinnik School (Moscow)"]
[WhiteFideId "24179922"]
[BlackFideId "44105681"]
[EventDate "2019.05.01"]

1. e4 c5 2. Nf3 d6 3. c3 Nf6 4. Bc4 e6 5. Qe2 Be7 6. d4 cxd4 7. cxd4 d5 8. exd5
Nxd5 9. Nc3 O-O 10. O-O Nc6 11. Rd1 b6 12. Nxd5 exd5 13. Ne5 Nxe5 14. dxe5 Be6
15. Be3 Rc8 16. Bb3 Bc5 17. Rd3 Qh4 18. Bxd5 Bxd5 19. Rxd5 Qe4 20. Rad1 Bxe3 21.
Qxe3 Qxe3 22. fxe3 Rfe8 23. Kf2 Rc2+ 24. R1d2 Rxd2+ 25. Rxd2 Kf8 26. Rd7 Rc8 27.
Rxa7 Rc2+ 28. Kf3 Rxb2 29. a4 Rb4 30. g4 h6 31. h3 g5 32. Ke2 b5 33. a5 Ra4 34.
a6 Kg8 35. Kd3 Kf8 36. Ra8+ Kg7 37. Ke2 Ra2+ 38. Kf3 Ra4 39. a7 Kh7 40. Rb8 Rxa7
41. Rxb5 Ra2 42. Rb7 Kg6 43. Rb6+ Kg7 44. e6 fxe6 45. Rxe6 Rh2 46. Kg3 Re2 47.
h4 gxh4+ 48. Kxh4 Kf7 49. Re4 Kg6 50. Re8 Kf7 51. Re5 Kf6 52. Rf5+ Kg6 53. Rf3
Ra2 54. Rf5 Re2 55. Re5 Kf6 56. Re4 Kg6 57. Kg3 h5 58. Kf3 Ra2 59. gxh5+ Kxh5
60. Rg4 Rf2+ 61. Ke4 1/2-1/2

[Event "TCh-RUS HL 2019"]
[Site "Sochi RUS"]
[Date "2019.05.04"]
[Round "4.2"]
[Board "4"]
[White "Yeritsyan, Aram"]
[Black "Inozemtsev, Sergei"]
[Result "1-0"]
[WhiteTitle "FM"]
[WhiteElo "2299"]
[BlackElo "2310"]
[WhiteTeam "Botvinnik School (Moscow)"]
[BlackTeam "Polytechnic (Sverdlovsk region)"]
[WhiteFideId "34161047"]
[BlackFideId "24129690"]
[EventDate "2019.05.01"]

1. e4 e6 2. d4 d5 3. Nd2 Nf6 4. e5 Nfd7 5. Bd3 c5 6. c3 Nc6 7. Ne2 cxd4 8. cxd4
f6 9. exf6 Qxf6 10. O-O Bd6 11. Nf3 h6 12. Ng3 O-O 13. Bc2 Rf7 14. Nh5 Qd8 15.
Bg6 Re7 16. Bf4 Nf8 17. Bc2 Rf7 18. Qd2 Bxf4 19. Nxf4 Qd6 20. Nh5 Bd7 21. Rfe1
Be8 22. Ne5 Rc7 23. Bd1 Qb4 24. Qxb4 Nxb4 25. Nf4 Nc2 26. Rc1 Rac8 27. Bxc2 Rxc2
28. Rxc2 Rxc2 29. h4 Rxb2 30. Rc1 Bc6 31. Nxc6 bxc6 32. Rxc6 Rxa2 33. Rc8 Kf7
34. Rc7+ Ke8 35. Nh5 Nd7 36. Nxg7+ Ke7 37. g4 Ra4 38. f3 a5 39. g5 hxg5 40. hxg5
Rxd4 41. Nh5 Rc4 42. Ra7 Kd6 43. g6 Rc8 44. g7 Rg8 45. Kf2 a4 46. Kg3 a3 47. Kh4
Ne5 48. Rxa3 Ng6+ 49. Kg5 Ne7 50. Ra6+ Nc6 51. Kg6 Kc5 52. f4 d4 53. Nf6 Rd8 54.
Nd7+ Kd5 55. Nf8 d3 56. Kf6 d2 57. Ra1 Nb8 58. Rd1 Ke4 59. Rxd2 Rxd2 60. g8=Q
Rf2 61. Nxe6 Nd7+ 62. Ke7 Nb6 63. Qg6+ Ke3 64. Qg3+ Rf3 65. Qe1+ Kd3 66. Qd1+
Ke3 67. Qd4+ Ke2 68. Qxb6 Kf1 69. Qb2 Rf2 70. Qxf2+ Kxf2 1-0